000 00567nam a2200181Ia 4500
003 GCL
008 140319s9999 xx 000 0 ara d
040 _aGCL /
_cGCL
082 0 4 _a810.9
_bز ن
100 1 _aزكى المحاسنى
245 1 0 _aنظرات فى ادبنا المعاصر (هدية من الاديب عبدالفتاح الجمل) /
_cزكى المحاسنى
300 _a127 ص
490 _aالمكتبة الثقافية
_v0
650 0 4 _aالادب العربى
650 0 4 _aالادب
650 0 4 _aتاريخ ونقد
942 _2ddc
_cBK
999 _c40772
_d40772